00827nam a22002057a 450000500170000001000150001702000260003203500130005803700130007108200150008410000280009924501340012726000460026127000660030730000260037350000500039994200290044999900190047895201240049720161019140633.0 aENG-116233 a9780199466801c995.00 aEN-99765 bDBAD/PUB a331.310954 aSanghera, Gurchathen S. aChild labour in India :cby Gurchathen S. SangherabGlobalization, power, and the politics of International children's rights / aNew Delhi bOxford University Pressc2016 aYMCA Library Building, 1 Jai Singh Road, bNew Delhi e110001 axiii,327p. c22cm(Hb) aIncludes bibliographical references and index 2ddccENmSANh331.310954 c104065d104065 001040708NFICaBNbBNd2016-10-19eDBAD/PUBg995.00l0o331.310954 SANpEN-99765r2016-10-19 00:00:00t1v995.00yEN